00541nam a2200181Ia 4500001001000000003000500010008004100015010001100056040000900067082002300076100002200099245012700121250000600248260002300254300001100277650003700288650003400325Para_6748CHAP220125s1966 xx 000 0 und d a204222 cCHAP aPA 632.96 I58 1966 aBusvine, James R. aInsects and hygiene :b the biology and control of insect pest of medical and domestic importance /c by James R. Busvine a2 aLondon :b Methuen a467 p. aControl biológico de insectos  aControl biológico de plagas